000 00340nam a2200133Ia 4500
008 240624s9999 xx 000 0 und d
041 _aeng
082 _a828 HUR
100 _aHURLEY DAN
245 _aSMARTER THE NEW SCIENCE OF BUILDING BRAI
260 _c2017
_aNew Delhi
_bPenguin
300 _axxiv, 275 p.; 19 cm.
365 _cRS
_b28.5
999 _c29589
_d29589